000 00991cam8a220026500 4500
001 qce01768431
005 20190815103434.0
008 760609s1961 nyu 001 0 eng u
035 _a(Sirsi) r76860
035 _a(QCAT)lss01274164
035 _a(UPRA)qce01768431
040 _dUPRA
100 1 _aPatterson, Edwin Wilhite, 1889-1965.
_dPatterson, Edwin Wilhite, 1889-1965.
_6A36830.1
245 1 0 _aCases and materials on the law of insurance /
_cby Edwin W. Patterson and William F. Young.
250 _a4th ed.
260 _aBrooklyn :
_bFoundation Press,
_c1961.
490 0 _aUniversity casebook series
_6S2484.1
500 _aFirst published in 1932 under the title: Cases and other materials on the law of insurance.
504 _aBibliographical footnotes.
650 0 _aInsurance law.
_6S421.1
700 1 _aYoung, William F.
_6A36831.1
740 0 _aCases and materials on insurance.
949 _aKB140
_wlcc
_i33729001713218
_mMAIN
_p2500
_tBOOK
_lON-SHELF
004 76860
999 _c65856
_d65856